000 00674nam a2200229 a 4500
999 _c919
_d919
001 919
003 BD-JhCC
005 20171011164400.0
008 171011s1998 bg |||| ||a| 000 0 ben d
020 _a984800422x
035 _a(BD-JhCC) 919
040 _aBD-JhCC
_dBD-JhCC
041 _aben891.443
082 _a1701
_bMUN 1998
245 _aকৃষ্ঞকলি আমি তারে বলি /
_cসিরাজুল ইসলাম মুনির
260 _aঢাকা:
_bঢাকা প্রকাশনী,
_c1998
300 _a56 p.:
_c22 cm.
650 _aBengali Novel
651 _aBangladesh
942 _2ddc
_cBK